| 000 | 00646nam a22001937a 4500 | ||
|---|---|---|---|
| 005 | 20100805130013.0 | ||
| 010 | _aENG-98391 | ||
| 020 |
_a8189904086 _c20.00 |
||
| 035 | _aEN-81924 | ||
| 037 | _bDBAD/PUB | ||
| 082 | _a303.6 | ||
| 100 |
_aKokandakar,J.R. _96803 |
||
| 245 |
_aGandhian thought : _bits relevance and uniqueness / |
||
| 260 |
_aNagpur _bCentral Techo Publications _c2007 |
||
| 270 |
_aRamass Peth _bNagpur |
||
| 300 |
_a50p. _c20cm (pbk) |
||
| 942 |
_2ddc _cEN _h303.6 _mKOK |
||
| 999 |
_c39424 _d39424 |
||